000 00776nam a2200253Ia 4500
003 OSt
005 20220918165926.0
006 a|||||r|||| 00| 0
007 ta
008 220917b |||||||| |||| 00| 0 eng d
020 _a8183150942 (hbk)
_c450
024 _a240,113
037 _b435, 04/12/2008, Eastern Book Linkers
_cTextual
040 _aARTS
_cARTS
_beng
041 _2eng
_aeng
082 _aP15,Cx1,1, P8
100 _aSubramanian K. H.
_926182
245 0 _aKerala Panini and sanskrit works
260 _aDelhi
_bNew Bharatiya Book Corporation India
_c2008
300 _avii, 190p.
_ccm.
650 _aLINGUISTICS
942 _hP15,Cx1,1, P8
_cTEXL
_2CC
999 _c131770
_d131770